| 000 | 00572nam a2200217Ia 4500 | ||
|---|---|---|---|
| 003 | OSt | ||
| 005 | 20230330093257.0 | ||
| 008 | 210423s2003 xx 000 0 und d | ||
| 020 | _a8123907979 | ||
| 040 | _cAL | ||
| 041 | _aeng | ||
| 082 |
_a637.127 _223 _b ATHH |
||
| 100 |
_aATHERTON (Henry V);NEWLANDER (J A). _979885 |
||
| 245 | _aChemistry and testing of dairy products. | ||
| 250 | _a4 | ||
| 260 |
_aNew Delhi _bCBS Publications _c2003 |
||
| 300 |
_aix,396 _bPB |
||
| 365 |
_b160 _cINR |
||
| 906 | _aChemistry ; dairy ; products. ; testing | ||
| 942 |
_2ddc _cBK |
||
| 999 |
_c154521 _d154521 |
||